| 000 | 00599cam a22001697a 4500 | ||
|---|---|---|---|
| 008 | 180718b1975 xxu||||| |||| 00| 0 eng d | ||
| 082 | _aF5x69 Os7 | ||
| 245 |
_aPolitics of the Western Indian ocean islands _cedited by J.M. Ostheimer |
||
| 260 |
_aNew York _bPraeger _c1975 |
||
| 300 | _a260p. | ||
| 650 | _aSeychelles --Politics and government --To 19 | ||
| 650 | _aReモunion --Politics and government | ||
| 650 | _aMaldives --Politics and government | ||
| 650 | _aComoros --Politics and government | ||
| 650 | _aMadagascar --Politics and government --1960-1991 | ||
| 700 | _aOstheimer, John M. | ||
| 999 |
_c351071 _d351071 |
||